Queen Studio Albums - Statistics

General Stats
  • This quiz has been taken 38 times
  • The average score is 13 of 15
Answer Stats
Year Album % Correct
1976 A Day at the Races
97%
1975 A Night at the Opera
97%
1973 Queen
97%
1974 Queen II
93%
1974 Sheer Heart Attack
93%
1991 Innuendo
90%
1978 Jazz
90%
1977 News of the World
87%
1984 The Works
87%
1986 A Kind of Magic
83%
1982 Hot Space
83%
1980 The Game
83%
1989 The Miracle
80%
1980 Flash Gordon
77%
1995 Made in Heaven
53%
No matching quizzes found
Score Distribution
Percent of People with Each Score
Percentile by Number Answered
Your Score History
You have not taken this quiz